町村にある新幹線駅 - Statistics

General Stats
  • This quiz has been taken 458 times
  • The average score is 11 of 12
Answer Stats
Hint Answer % Correct
北海道新幹線 木古内駅
98%
奥津軽いまべつ駅
95%
上越新幹線(支線) ガーラ湯沢駅
93%
越後湯沢駅
92%
東北新幹線 七戸十和田駅
91%
新白河駅
91%
いわて沼宮内駅
89%
秋田新幹線 雫石駅
88%
上越新幹線 上毛高原駅
86%
北陸新幹線 軽井沢駅
86%
山形新幹線 大石田駅
83%
高畠駅
80%
No matching quizzes found
Score Distribution
Percent of People with Each Score
Percentile by Number Answered
Your Score History
You have not taken this quiz